00496 2200193 4500001002100000005001500021008004100036020002200077035001900099041000700118082000800125090001400133100002500147245001800172260003100190300003500221500001100256650003500267INLIS00000000000461720241224112939241224||||||||| | ||| |||| || |  a978-979-027-284-2 0010-1224004617 aid0 a503 a503 CAH k0 aCahya Budi Kartiawan00aKamus Biologi aBandungbTitian Ilmuc2013 a21x15 cm, iv, 116 hlm.; ilus.: aCet. 1 0aIlmu Murni -- Biologi -- Kamus